01495nam a2200361 a 4500001001000000003000500010005001700015008004100032010001100073011001100084040000900095090001000104100004300114245022100157260004100378500006000419502009800479590004100577590004000618590004000658590004000698650002400738650002800762650002800790650004500818700004400863856007000907901000700977942001000984942000600994999001901000952011401019000115543CHAP20220329144539.0190604s2019 mx a sm |||||||spa d a112004 a112976 cCHAP aTesis1 aHipólito Martínez, Rafael.913594610aCultivo de maíz en el ciclo de otoño-invierno con cobertura de nescafé (Mucuna pruriens) en Raya Zaragoza y Puxcatán, Tabasco /h[En línea]cpor Rafael Hipólito Martínez y María Isabel León López. aChapingo, Méx. :bEl autor,c2019. aPara ver el contenido del material haga clic en la liga aTesis (Ing. Agr. Esp. en Zonas Tropicales) -- UACH. Unidad Regional Universitaria Sur-Sureste aBATCH-UPDb05c20190604lUCH01h1544 aE8697GMMb05c20190604lUCH01h1305 aE8697GMMb05c20190604lUCH01h1306 aE8697GMMb05c20190604lUCH01h154314aAbonos verdes.928214aMaízxCultivo.97092514aMucuna pruriens.97926014aRastrojo como cobertura vegetal.91297461 aLeón López, María Isabel.9135947 aFinding aiduhttp://10.13.5.2/tesis/sist115543.pdfzTeclea aquí aBK cTESIS n0 c112004d112004 00102local40718TESISaBCbBCd2019-06-04fTESISl0oTesisp115554-10r2019-12-31 00:00:00w2019-06-04yCD